000 00485nam a2200169Ia 4500
999 _c23420
_d23420
003 OSt
005 20200626143105.0
008 190216s9999||||xx |||||||||||||| ||und||
020 _a9789380081236
040 _coclc
082 _a954.83
_bBAH/K
100 _aBahauddin, K M
_93282
245 0 _aKerala Muslim History A Revisit /
_cK M Bahauddin
260 _bOther Books,
_c2012.
_aCalicut:
300 _a253p
942 _cBK
_2ddc
_h954.83
_iBAH/K
_k954.83
_mBAH/K